Nemocnica časopis Nemocnice s poliklinikou Prievidza so sídlom v Bojniciach

Bibliographic Details
Other Authors: Gerlich, Ladislav (Publishing director), Beňadik, Michal, 1956- (Publishing director)
Format: Journal
Language:Slovak
PhysicalDescription:10 zv. 30 cm
Published: Bojnice Martin Nemocnica s poliklinikou Prievidza Agentúra IN 2005-2014
2/2014 Bojnice Nemocnica s poliklinikou Prievidza
Subjects:

MARC

LEADER 00000cas a2200000 a 4500
001 vtls008774414
003 SK-MaSNL
005 20260228161047.0
008 060619d20052014xo zn|p r 0 b0slo
040 |a SNK  |b slo  |c SNK  |e AACR2 
041 0 |a slo 
044 |a xo  |c SK 
072 7 |a 614  |x Verejné zdravie a hygiena  |2 konspekt 
080 |a 614.2:725.511  |2 2011 
080 |a 614.2  |2 2011 
080 |a 050  |2 2001 
080 |a (051)-048.55  |2 2011 
080 |a (437.6)  |2 2011 
245 0 0 |a Nemocnica  |b časopis Nemocnice s poliklinikou Prievidza so sídlom v Bojniciach 
260 |a Bojnice  |b Nemocnica s poliklinikou Prievidza  |a Martin  |b Agentúra IN  |c 2005-2014 
260 3 |a 2/2014  |a Bojnice  |b Nemocnica s poliklinikou Prievidza 
300 |a 10 zv.  |c 30 cm 
310 |a Občasník 
362 0 |a Č. 1 (jan. 2005)-č. 2 (jún 2014) 
500 |a Reg. číslo: MK SR RP-98/2005 
500 |a Šéfred.: Č. 1 (2005), Ladislav Gerlich ; č. 2 (2005)-č. 2 (2014), Michal Beňadik 
500 |a Evidenčné číslo: EV 1870/08 
610 2 7 |a Nemocnica s poliklinikou Prievidza (Bojnice, Slovensko)  |2 SNKKA  |9 257971 
650 0 7 |a nemocnice  |2 SNKPH  |9 3008 
650 0 7 |a zdravotníctvo  |2 SNKPH  |9 1269 
651 7 |a Bojnice (Slovensko)  |2 SNKPHgeo  |9 30288 
655 7 |a špecializované časopisy  |2 SNKPH  |9 70509 
700 1 |a Gerlich, Ladislav  |4 pbd  |9 267899 
700 1 |a Beňadik, Michal,  |d 1956-  |4 pbd  |9 221850 
910 |a snk 
999 |c 4201  |d 6131 
952 |0 0  |1 0  |4 0  |7 0  |8 0  |a SNK  |b SNK  |d 2018-12-13  |i snk2018/27078  |l 0  |o snkČSB 6910/2005  |p 17A1340738  |r 2026-02-21 22:13:56  |t č. 1-5  |w 2026-02-21  |y PREZ 
952 |0 0  |1 0  |4 0  |7 0  |8 0  |a SNK  |b SNK  |d 2018-12-13  |i snk2018/27084  |l 0  |o snkČSB 6910/2006  |p 17A1340737  |r 2026-02-21 22:13:56  |t č. 1-6  |w 2026-02-21  |y PREZ 
952 |0 0  |1 0  |4 0  |7 0  |8 0  |a SNK  |b SNK  |d 2018-12-13  |i snk2018/27090  |l 0  |o snkČSB 6910/2007  |p 17A1340736  |r 2026-02-21 22:13:56  |t č. 1-6  |w 2026-02-21  |y PREZ 
952 |0 0  |1 0  |4 0  |7 0  |8 0  |a SNK  |b SNK  |d 2018-12-13  |i snk2018/27103  |l 0  |o snkČSB 6910/2008  |p 17A1340735  |r 2026-02-21 22:13:56  |t č. 1-6  |w 2026-02-21  |y PREZ 
952 |0 0  |1 0  |4 0  |7 0  |8 0  |a SNK  |b SNK  |d 2018-12-13  |i snk2018/27107  |l 0  |o snkČSB 6910/2009  |p 17A1340734  |r 2026-02-21 22:13:56  |t č. 1-6  |w 2026-02-21  |y PREZ 
952 |0 0  |1 0  |4 0  |7 0  |8 0  |a SNK  |b SNK  |d 2018-12-13  |i snk2018/27110  |l 0  |o snkČSB 6910/2010  |p 17A1340733  |r 2026-02-21 22:13:56  |t č. 1-6  |w 2026-02-21  |y PREZ 
952 |0 0  |1 0  |4 0  |7 0  |8 0  |a SNK  |b SNK  |d 2018-12-13  |i snk2018/27115  |l 0  |o snkČSB 6910/2011  |p 17A1340732  |r 2026-02-21 22:13:57  |t č. 1-6  |w 2026-02-21  |y PREZ 
952 |0 0  |1 0  |4 0  |7 0  |8 0  |a SNK  |b SNK  |d 2018-12-13  |i snk2018/27118  |l 0  |o snkČSB 6910/2012  |p 17A1340731  |r 2026-02-21 22:13:57  |t č. 1-6  |w 2026-02-21  |y PREZ 
952 |0 0  |1 0  |4 0  |7 0  |8 0  |a SNK  |b SNK  |d 2018-12-13  |i snk2018/27121  |l 0  |o snkČSB 6910/2013  |p 17A1340730  |r 2026-02-21 22:13:58  |t č. 1-6  |w 2026-02-21  |y PREZ 
952 |0 0  |1 0  |4 0  |7 0  |8 0  |a SNK  |b SNK  |d 2018-12-13  |i snk2018/27124  |l 0  |o snkČSB 6910/2014  |p 17A1340729  |r 2026-02-21 22:13:58  |t č. 1-2  |w 2026-02-21  |y PREZ